Base del negocio jurídico y cumplimiento de los contratos

Saved in:
Bibliografiske detaljer
Hovedforfatter: Larenz, Karl (Author)
Format: Bog
Sprog:spansk
Udgivet: Madrid Revista de Derecho Privado 1956
Serier:Monografías Fundamentales de derecho Privado y Público, 33
Fag:
Tags: Tilføj Tag
Ingen Tags, Vær først til at tagge denne postø!

MARC

LEADER 00000nam a2200000 a 4500
001 UCS1557
003 CL-VaPUC
008 970515e19560000SP |||||||||||||||||spa|d
082 0 4 |a 346.02  |b LAR  |2 21 
100 |a Larenz, Karl  |e author  |9 599434 
245 1 0 |a Base del negocio jurídico y cumplimiento de los contratos 
300 |a 237 p 
942 |c BK 
945 |d 19970515 00:00:00  |a cmena 
260 |a Madrid  |b Revista de Derecho Privado  |c 1956 
650 0 |a Contratos  |9 255153 
650 0 |a Código civil  |9 256135 
650 0 |a Derecho civil  |9 255013 
650 0 |a Voluntad  |9 307812 
650 7 |a DOLO  |2 CL-VaPUC  |9 386076 
650 0 |a Negocio jurídico  |9 258242 
650 0 |a Delitos  |9 224143 
650 0 |a Causa  |9 328431 
650 0 |a Actos jurídicos  |9 255748 
650 0 |a Derecho comparado  |9 255664 
650 0 |a Obligaciones   |9 255578 
651 0 |a España  |9 254926 
583 |a last modification  |c 19970515 00:00:00  |k Rodrigo Vera 
490 0 |a Monografías Fundamentales de derecho Privado y Público, 33 
999 |c 259596  |d 259594 
952 |0 0  |1 0  |4 0  |6 346_020000000000000_LAR_1956  |7 0  |8 A  |9 284614  |a BIBDER  |b BIBDER  |d 2019-11-19  |i 1849522  |l 2  |m 2  |o 346.02 LAR 1956  |p 1849522  |q 2025-12-31  |r 2021-10-16  |s 2021-10-16  |w 2019-11-19  |y BK  |k DER 
952 |0 0  |1 0  |4 0  |6 346_020000000000000_LAR_1956  |7 0  |8 A  |9 284615  |a BIBDER  |b BIBDER  |d 2019-11-19  |i 1849530  |o 346.02 LAR 1956  |p 1849530  |r 2023-01-25  |w 2019-11-19  |y BK  |k DER